Los elementos del diseño (Record no. 179735)

MARC details
000 -LEADER
campo de control de longitud fija 00859nam a2200253 i 4500
001 - NÚMERO DE CONTROL
campo de control 179735
003 - IDENTIFICADOR DE NÚMERO DE CONTROL
campo de control ES-MaACL
005 - FECHA Y HORA DE LA ÚLTIMA TRANSACCIÓN
campo de control 20250812044416.0
008 - DATOS DE LONGITUD FIJA--INFORMACIÓN GENERAL
campo de control de longitud fija 120113s2009 sp aop |||| | spa d
020 ## - NÚMERO INTERNACIONAL ESTÁNDAR DEL LIBRO
Número Internacional Estándar del Libro 978-84-252-2224-5
080 ## - NÚMERO DE LA CLASIFICACIÓN DECIMAL UNIVERSAL
Número de la Clasificación Decimal Universal 76
080 ## - NÚMERO DE LA CLASIFICACIÓN DECIMAL UNIVERSAL
Número de la Clasificación Decimal Universal 659.125
100 1# - ENTRADA PRINCIPAL--NOMBRE DE PERSONA
Nombre de persona Samara, Timothy.
9 (RLIN) 149069
245 14 - MENCIÓN DEL TÍTULO
Título Los elementos del diseño
Resto del título : manual de estilo para diseñadores gráficos /
Mención de responsabilidad, etc. Timothy Samara.
246 30 - FORMA VARIANTE DEL TITULO
Título propio/Titulo breve Manual de estilo para diseñadores gráficos
250 ## - MENCION DE EDICION
Mención de edición 1ª ed., 3ª tirada.
260 ## - PUBLICACIÓN, DISTRIBUCIÓN, ETC.
Lugar de publicación, distribución, etc. Barcelona :
Nombre del editor, distribuidor, etc. Gustavo Gili,
Fecha de publicación, distribución, etc. 2009 (
Lugar de fabricación/manufactura China)
300 ## - DESCRIPCIÓN FÍSICA
Extensión 272 p. :
Otras características físicas principalmente il. col., fot. ;
Dimensiones 26 cm.
650 #4 - PUNTO DE ACCESO ADICIONAL DE MATERIA--TÉRMINO DE MATERIA
Término de materia o nombre geográfico como elemento de entrada Diseño gráfico.
9 (RLIN) 139179
650 07 - PUNTO DE ACCESO ADICIONAL DE MATERIA--TÉRMINO DE MATERIA
Término de materia o nombre geográfico como elemento de entrada Arte publicitario
Fuente del encabezamiento o término embne
9 (RLIN) 10280
852 ## - LOCALIZACIÓN
Ubicación ES-MaACL
Número de control de estantería A-11841
itemnumber 186635
Sublocalización o colección R.146754
Ubicación en estantería Depósito 1
Signatura antigua Olim: N-4846
942 ## - ELEMENTOS DE ENTRADA SECUNDARIOS (KOHA)
Fuente del sistema de clasificación o colocación Clasificación decimal universal
Tipo de ítem Koha Libro impreso
Holdings
Estatus retirado Estado de pérdida Fuente del sistema de clasificación o colocación Estado de daño No para préstamo Biblioteca de origen Biblioteca actual Ubicación en estantería Fecha de adquisición Fuente de adquisición Total de préstamos Signatura topográfica completa Código de barras Visto por última vez Precio de reemplazo Tipo de ítem Koha
    Clasificación decimal universal     Biblioteca del Ateneo de Madrid Biblioteca del Ateneo de Madrid Depósito 1 13/01/2012 Compra   A-11841 1188815 23/02/2023 23/02/2023 Libro impreso